00383nam a2200133Ia 4500003000400000008004100004040001600045082001600061100002500077245007100102260004500173300000800218650002300226GCL140319s9999 xx 000 0 eng d aGCL / cGCL04a863.01bG A1 aGALDOS, BENITO PEREZ10aELAUDAZ : HISTORIA DE UN RADICALDE ANTANO / cGALDOS, BENITO PEREZ a[S.N] : bEL LIBRO DE BOLSILLO ، c1986 a31804aSPANISH LITERATURE